The Cambridge history of twentieth-century political thought / (Record no. 21367)
[ view plain ]
| 000 -LEADER | |
|---|---|
| fixed length control field | 02456cam a22003855a 4500 |
| 001 - CONTROL NUMBER | |
| control field | 4795057 |
| 005 - DATE AND TIME OF LATEST TRANSACTION | |
| control field | 20160310130823.0 |
| 008 - FIXED-LENGTH DATA ELEMENTS--GENERAL INFORMATION | |
| fixed length control field | 030414s2010 enk frb f001 0deng d |
| 010 ## - LIBRARY OF CONGRESS CONTROL NUMBER | |
| LC control number | 2002034990 |
| 020 ## - INTERNATIONAL STANDARD BOOK NUMBER | |
| International Standard Book Number | 9780521691628 (pbk.) |
| 024 ## - | |
| -- | 99945123725 |
| 035 ## - SYSTEM CONTROL NUMBER | |
| System control number | (OCoLC)ocm50737086\ |
| 035 ## - SYSTEM CONTROL NUMBER | |
| System control number | (OCoLC)50737086 |
| Canceled/invalid control number | (OCoLC)54094621 |
| -- | (OCoLC)144521689 |
| 035 ## - SYSTEM CONTROL NUMBER | |
| System control number | (NNC)4795057 |
| 040 ## - CATALOGING SOURCE | |
| Original cataloging agency | DLC |
| Language of cataloging | eng |
| Transcribing agency | DLC |
| Modifying agency | YDXCP |
| -- | UKM |
| -- | IAK |
| -- | CKK |
| -- | MUQ |
| -- | BAKER |
| -- | BTCTA |
| -- | OCLCG |
| -- | IG# |
| -- | KAAUA |
| -- | OCLCQ |
| -- | LVB |
| -- | EG-ScBUE |
| 082 04 - DEWEY DECIMAL CLASSIFICATION NUMBER | |
| Classification number | 320.50904 |
| Item number | TWE |
| Edition number | 22 |
| 245 04 - TITLE STATEMENT | |
| Title | The Cambridge history of twentieth-century political thought / |
| Statement of responsibility, etc | edited by Terence Ball and Richard Bellamy. |
| 246 30 - VARYING FORM OF TITLE | |
| Title proper/short title | History of twentieth-century political thought |
| 246 30 - VARYING FORM OF TITLE | |
| Title proper/short title | Twentieth-century political thought |
| 250 ## - EDITION STATEMENT | |
| Edition statement | 3rd printing. |
| 260 ## - PUBLICATION, DISTRIBUTION, ETC. (IMPRINT) | |
| Place of publication, distribution, etc | Cambridge ; |
| -- | New York : |
| Name of publisher, distributor, etc | Cambridge University Press, |
| Date of publication, distribution, etc | 2010. |
| 300 ## - PHYSICAL DESCRIPTION | |
| Extent | xi, 754 p. ; |
| Dimensions | 23 cm. |
| 490 0# - Series Statement | |
| Series statement | Cambridge history of political thought |
| 500 ## - GENERAL NOTE | |
| General note | Series statement on jacket. |
| 500 ## - GENERAL NOTE | |
| General note | Includes indexes. |
| 504 ## - BIBLIOGRAPHY, ETC. NOTE | |
| Bibliography, etc | Bibliography : p. 677-734. |
| 505 00 - FORMATTED CONTENTS NOTE | |
| Title | The coming of the welfare state -- Politics and markets: Keynes and his critics -- The advent of the masses and the making of the modern theory of democracy -- Nationalism and imperialism -- Fascism and racism -- Conservatism -- Christian democracy -- Critics of totalitarianism -- The end of the welfare state? -- The Second International: socialism and social democracy -- The Russian Revolution: an ideology in power -- Asian communism -- Western Marxism -- French Marxism - existentialism to structuralism -- Positivism: reactions and developments -- Postmodernism: pathologies of modernity from Nietzsche to the post-structuralists -- Weber, Durkheim and the sociology of the modern state -- Freud and his followers -- Modernism in art, literature and political theory -- The new science of politics -- Utilitarianism and beyond: contemporary analytical political theory -- Pacifism and pacificism -- Feminisms -- Identity politics -- Green political theory -- Nonwestern political thought -- Islamic political thought -- The grand dichotomy of the twentieth century. |
| 650 #0 - SUBJECT ADDED ENTRY--TOPICAL TERM | |
| Topical term or geographic name as entry element | Political science |
| General subdivision | History |
| Chronological subdivision | 20th century. |
| Source of heading or term | BUEsh |
| 651 ## - SUBJECT ADDED ENTRY--GEOGRAPHIC NAME | |
| Source of heading or term | BUEsh |
| 653 ## - INDEX TERM--UNCONTROLLED | |
| Resource For college | BAEPS, Political Science |
| Arrived date list | March2016 |
| 655 ## - INDEX TERM--GENRE/FORM | |
| Form subdivision | Text book |
| -- | 33728 |
| 700 1# - ADDED ENTRY--PERSONAL NAME | |
| Personal name | Ball, Terence, |
| Relator term | editor. |
| 9 (RLIN) | 28517 |
| 700 1# - ADDED ENTRY--PERSONAL NAME | |
| Personal name | Bellamy, Richard |
| Fuller form of name | (Richard Paul) |
| Relator term | editor. |
| 942 ## - ADDED ENTRY ELEMENTS (KOHA) | |
| Source of classification or shelving scheme | Dewey Decimal Classification |
| Withdrawn status | Item status | Source of classification or shelving scheme | Damaged status | Not for loan | Vendor | Home library | Current library | Shelving location | Date acquired | Source of acquisition | Total Checkouts | Full call number | Barcode | Date last seen | Koha item type | Total Renewals | Date last borrowed |
|---|---|---|---|---|---|---|---|---|---|---|---|---|---|---|---|---|---|
| Dewey Decimal Classification | Baccah | Central Library | Central Library | First floor | 10/03/2016 | Purchase | 320.50904 TWE | 000031941 | 15/07/2025 | NB - Book (Non borrowing) | |||||||
| Dewey Decimal Classification | Baccah | Central Library | Central Library | First floor | 10/03/2016 | Purchase | 2 | 320.50904 TWE | 000031940 | 15/07/2025 | Book - Borrowing | 2 | 11/01/2020 | ||||
| Dewey Decimal Classification | Baccah | Central Library | Central Library | First floor | 10/03/2016 | Purchase | 2 | 320.50904 TWE | 000031939 | 15/07/2025 | Book - Borrowing | 1 | 09/08/2023 | ||||
| Dewey Decimal Classification | Baccah | Central Library | Central Library | First floor | 10/03/2016 | Purchase | 3 | 320.50904 TWE | 000031938 | 15/07/2025 | Book - Borrowing | 28 | 04/10/2022 | ||||
| Dewey Decimal Classification | Baccah | Central Library | Central Library | First floor | 10/03/2016 | Purchase | 2 | 320.50904 TWE | 000031937 | 15/07/2025 | Book - Borrowing | 55 | 17/11/2021 | ||||
| Dewey Decimal Classification | Baccah | Central Library | Central Library | First floor | 10/03/2016 | Purchase | 320.50904 TWE | 000031936 | 15/07/2025 | Book - Borrowing | |||||||
| Dewey Decimal Classification | Baccah | Central Library | Central Library | First floor | 10/03/2016 | Purchase | 4 | 320.50904 TWE | 000031935 | 11/10/2025 | Book - Borrowing | 11 | 06/10/2025 |